000 00667nam a2200193Ia 4500
003 GCL
008 140319s9999 xx 000 0 ara d
040 _aGCL /
_cGCL
082 0 4 _a822.052
_bب م
100 1 _aبرنارد شو
245 1 0 _aمسرحية الانسان والسوبرمان /
_cبرنارد شو
700 1 _aمحمد فكرى انور
260 _a[S.N] :
_bالهيئة المصرية العامة للكتاب ،
_c1984
300 _a187 ص
490 _aالابداع العالمى
_v0
650 0 4 _aالادب الانجليزى المترجم
650 0 4 _aالمسرحيات الانجليزية المترجمة
942 _2ddc
_cBK
999 _c28246
_d28246